[Event "New York Marshall IM-E 07"]
[Site "New York"]
[Date "2025.07.10"]
[Round "4"]
[White "Hoffman, Luc William C"]
[Black "Omelja, Artem"]
[Result "1/2-1/2"]
[WhiteElo "2219"]
[BlackElo "2394"]
[PlyCount "38"]
[EventDate "2025.07.09"]
[EventType "tourn"]
[EventRounds "9"]
[EventCountry "USA"]
[SourceTitle "CB29_2025"]
[SourceDate "2025.07.16"]
[SourceVersion "1"]
[SourceVersionDate "2025.07.16"]
[SourceQuality "1"]

1. e4 c6 2. d4 d5 3. e5 Bf5 4. Nf3 e6 5. Be2 Ne7 6. 0-0 Nd7 7. c3 h6 8. a4 g5 9. Nbd2 Bg7 10. Nb3 f6 11. exf6 Bxf6 12. Ne1 0-0 13. f4 Ng6 14. Bd3 Kg7 15. Bxf5 exf5 16. Nd3 b6 17. fxg5 Bxg5 18. Nf4 Nxf4 19. Bxf4 Qf6 1/2-1/2

[Event "New York Marshall IM-E 07"]
[Site "New York"]
[Date "2025.07.09"]
[Round "2"]
[White "Hoffman, Luc William C"]
[Black "Barbosa, Oliver"]
[Result "0-1"]
[WhiteElo "2219"]
[BlackElo "2433"]
[PlyCount "76"]
[EventDate "2025.07.09"]
[EventType "tourn"]
[EventRounds "9"]
[EventCountry "USA"]
[SourceTitle "CB29_2025"]
[SourceDate "2025.07.16"]
[SourceVersion "1"]
[SourceVersionDate "2025.07.16"]
[SourceQuality "1"]

1. e4 c6 2. d4 d5 3. e5 e6 4. Nf3 b6 5. Nbd2 Ne7 6. Bd3 Ba6 7. Bxa6 Nxa6 8. 0-0 Nc7 9. Qe2 Qc8 10. c4 a5 11. b3 Qa6 12. Rd1 Nf5 13. Bb2 Be7 14. g4 Nh6 15. Ne1 b5 16. c5 b4 17. Qf3 0-0 18. Qg3 Nb5 19. f4 f6 20. exf6 Bxf6 21. Ndf3 a4 22. bxa4 Nc3 23. Bxc3 bxc3 24. Qg2 Bd8 25. Nd3 Bc7 26. Nfe5 Qxa4 27. Qf2 Nf7 28. Nxf7 Rxf7 29. Qe3 Qc4 30. a3 c2 31. Rf1 Qc3 32. a4 Bxf4 33. Qxe6 Qxd4+ 34. Kh1 Qxd3 35. Rxf4 Qg6 36. Qxg6 hxg6 37. Rb4 Rfa7 38. Rc1 Rxa4 0-1

[Event "New York Spring IM"]
[Site "New York"]
[Date "2025.03.31"]
[Round "9"]
[White "Bortnyk, Mykola"]
[Black "Hoffman, Luc William C"]
[Result "1-0"]
[WhiteElo "2395"]
[BlackElo "2211"]
[PlyCount "87"]
[EventDate "2025.03.27"]
[EventType "tourn"]
[EventRounds "9"]
[EventCountry "USA"]
[SourceTitle "CB15_2025"]
[SourceDate "2025.04.09"]
[SourceVersion "1"]
[SourceVersionDate "2025.04.09"]
[SourceQuality "1"]

1. Nc3 c5 2. Nf3 Nc6 3. g3 d5 4. e4 d4 5. Ne2 Bg4 6. Bg2 d3 7. cxd3 Qxd3 8. Qb3 Qxb3 9. axb3 Nf6 10. e5 Nd5 11. d4 e6 12. Bd2 Bxf3 13. Bxf3 cxd4 14. Bxd5 exd5 15. f4 Bc5 16. Nc1 0-0 17. Nd3 Bb6 18. Kf2 Rac8 19. Rhe1 Rfe8 20. g4 Nb8 21. Rec1 Nd7 22. Bb4 Rc6 23. Bd6 f6 24. Rxc6 bxc6 25. b4 g5 26. Re1 fxe5 27. fxe5 Nf8 28. Rc1 Rc8 29. b5 c5 30. Bxc5 Ne6 31. b4 Kf7 32. Ke2 Bxc5 33. bxc5 Ke7 34. Ra1 Rc7 35. b6 axb6 36. cxb6 Rc2+ 37. Kd1 Rc3 38. Ra7+ Kd8 39. Ra8+ Kd7 40. b7 Rxd3+ 41. Kc2 Rc3+ 42. Kb2 Rb3+ 43. Kxb3 Nc5+ 44. Kc2 1-0

[Event "New York State Scholastic-ch"]
[Site "New York"]
[Date "2025.03.15"]
[Round "2"]
[White "Paruchuri, Naveen"]
[Black "Hoffman, Luc William C"]
[Result "0-1"]
[WhiteElo "1847"]
[BlackElo "2257"]
[PlyCount "47"]
[EventDate "2025.03.15"]
[EventType "swiss"]
[EventRounds "6"]
[EventCountry "USA"]
[SourceTitle "CB12_2025"]
[SourceDate "2025.03.19"]
[SourceVersion "1"]
[SourceVersionDate "2025.03.19"]
[SourceQuality "1"]

1. d4 Nf6 2. c4 a6 3. Nc3 c5 4. d5 b5 5. cxb5 axb5 6. Nxb5 Qa5+ 7. Nc3 Ne4 8. Qc2 Nxc3 9. Qxc3 Qxc3+ 10. bxc3 g6 11. e4 Bg7 12. Bb2 0-0 13. Bd3 Ba6 14. Bxa6 Nxa6 15. Ne2 c4 16. 0-0 Nc5 17. f3 f5 18. Nd4 fxe4 19. fxe4 Rfb8 20. Rf2 Nd3 21. Bc1 Nxf2 22. Kxf2 Bxd4+ 23. cxd4 c3 24. Ke2 0-1